000
00251nam a2200097Ia 4500
008
240331s9999 xx 000 0 und d
082
_b
SEN
100
_a
Sen, G
245
0
_a
Population policies reconsidered :
_b
health, empowerment, and rights
942
_c
L
999
_c
2942
_d
2942